Statistics for All Zyn Flavors

Click here to take the quiz!

General Stats

  • This quiz has been taken 15 times
  • The average score is 8 of 10

Answer Stats

Can ColorAnswer% Correct
GreenSpearmint
100%
RedCinnamon
83%
BrownCoffee
83%
ChartreuseCitrus
75%
Light BlueCool Mint
75%
TealMenthol
75%
Dark BluePeppermint
75%
Grey/RedSmooth
67%
Dark GreenWintergreen
67%
Grey/BlueChill
58%

Score Distribution

Percentile by Number Answered

Percent of People with Each Score

Your Score History

You have not taken this quiz